| 000 | 00973cam a22003137a 4500 | ||
|---|---|---|---|
| 003 | CHAP | ||
| 005 | 20220329142254.0 | ||
| 008 | 000418d1994 mx r 00010 spa d | ||
| 010 | _a80872 | ||
| 011 | _a81844 | ||
| 020 | _a968261239X | ||
| 035 | _a92325 | ||
| 040 | _cCHAP | ||
| 082 | 0 | 4 |
_a624.151 _bW4Y 1990 |
| 100 | 0 | 0 |
_aWhitlow, R. _9121752 |
| 245 | 1 | 0 |
_aFundamentos de mecánica de suelos _c/por R. Whitlow |
| 260 |
_aMéxico, D. F. : _bCECSA, _c19994. |
||
| 300 | _a589 p. | ||
| 500 | _aTrad. de : Basic soil mechanics. 2ed. 1990. | ||
| 590 |
_aBATCH-UPD _b10 _c20130110 _lUCH01 _h0551 |
||
| 590 |
_aBATCH-UPD _b10 _c20130410 _lUCH01 _h0233 |
||
| 590 |
_aBATCH-UPD _b10 _c20130914 _lUCH01 _h1807 |
||
| 590 |
_aCONVERSION _b10 _c20130109 _lUCH01 _h1345 |
||
| 650 | 1 | 4 |
_aMecánica de suelos. _973824 |
| 901 | _aBK | ||
| 905 | _aLilia Sánchez G. | ||
| 942 | _cLIBRO | ||
| 949 |
_a624.151 W4Y 1990 _bBC _cLIBRO _d33724000778387 _eLIBRO _gI.203205 _h97849 _i92325 _si _t$145.00 |
||
| 999 |
_c80872 _d80872 |
||